000 00381nam a2200145Ia 4500
008 230917s9999||||xx |||||||||||||| ||und||
040 _e58368
_aMAIN
041 _aEnglish
082 _a822.33 S15K:H
100 _aKnights, L C
245 0 _aHamlet and other Shakespearean essays
260 _aCambridge
_bCambridge University Press
_c1979
300 _aix, 308 p.
942 _cBK
999 _c205421
_d205421